01296nam a2200265 a 4500001001000000005001700010008004100027041000800068044000700076084002100083100004500104245009500149260004800244300002900292500019000321500011300511500010500624500005400729500001000783650005200793650005600845650003400901650004500935740005000980BRCA_278120190320203951.0081208s1903----sp-a---###---#000-0#spa-u aspa asp a246b.C355c19031 aCervantes Saavedra, Miguel ded1547-161610aEl Ingenioso Hidalgo Don Quijote de la Manchaccompuesto por Miguel de Cervantes Saavedra. aMadridbSaturnino Calleja Fernándezc1903 axix, 644 p.bil.c10 cm. aContenido : Primera parte. Retrato de Cervantes. Dedicatoria del autor. Prólogo del autor. Versos preliminares. Texto. Segunda parte. Dedicatoria del autor. Prólogo del autor. Texto aEdición : Edición microscópica ilustrada con dibujos de M. Ángel, grabados por Carretero y Sampietro aSegunda edición microscópica, reimpresión de la anterior. Piel; lomera dorada Lúdovik Osterc aEstado físico : Primeras páginas desprendidas aQM22914aNovela españolayÉpoca clásica, 1500-170014aLiteratura españolayÉpoca clásica, 1500-170014aNovela españolaySiglo XVII14aDon Quijote (Personaje ficticio)eNovela0 aEl Ingenioso Hidalgo Don Quijote de la Mancha